Jeux Olympiques - Membres de l'équipe de France d'Équitation - Statistiques

Statistiques générales
  • Ce quiz a été pris 44 fois
  • Le résultat moyen est 16 sur 65
Statistiques - réponses
Année Discipline Cavaliers % Correct
Tokyo 2021 Saut d'obstacle Pénélope Leprevost
87%
Rio de Janeiro 2016 Saut d'obstacle Pénélope Leprevost
87%
Londres 2012 Saut d'obstacle Pénélope Leprevost
87%
Paris 2024 Concours complet Karim Florent Laghouag
68%
Tokyo 2021 Concours complet Karim Florent Laghouag
68%
Rio de Janeiro 2016 Concours complet Karim Florent Laghouag
68%
Paris 2024 Saut d'obstacle Kevin Staut
66%
Rio de Janeiro 2016 Saut d'obstacle Kevin Staut
66%
Londres 2012 Saut d'obstacle Kevin Staut
66%
Paris 2024 Saut d'obstacle Julien Épaillard
63%
Paris 2024 Saut d'obstacle Simon Delestre
61%
Tokyo 2021 Saut d'obstacle Simon Delestre
61%
Londres 2012 Saut d'obstacle Simon Delestre
61%
Rio de Janeiro 2016 Saut d'obstacle Roger-Yves Bost
53%
Paris 2024 Concours complet Nicolas Touzaint
50%
Tokyo 2021 Concours complet Nicolas Touzaint
50%
Londres 2012 Concours complet Nicolas Touzaint
50%
Athènes 2004 Concours complet Nicolas Touzaint
50%
Sydney 2000 Concours complet Nicolas Touzaint
50%
Rio de Janeiro 2016 Concours complet Astier Nicolas
45%
Rio de Janeiro 2016 Saut d'obstacle Philippe Rozier
39%
Sydney 2000 Saut d'obstacle Philippe Rozier
39%
Paris 2024 Concours complet Stéphane Landois
39%
Paris 2024 Dressage Pauline Basquin
29%
Tokyo 2021 Saut d'obstacle Nicolas Delmotte
18%
Sydney 2000 Saut d'obstacle Patrice Delaveau
16%
Tokyo 2021 Concours complet Christopher Six
13%
Tokyo 2021 Saut d'obstacle Mathieu Billot
13%
Rio de Janeiro 2016 Concours complet Mathieu Lemoine
13%
Sydney 2000 Saut d'obstacle Alexandra Lederman
11%
Paris 2024 Dressage Alexandre Ayache
11%
Tokyo 2021 Dressage Alexandre Ayache
11%
Paris 2024 Dressage Corentin Pottier
11%
Rio de Janeiro 2016 Concours complet Thibaut Vallette
8%
Tokyo 2021 Concours complet Thomas Carlile
8%
Athènes 2004 Concours complet Cédric Lyard
5%
Athènes 2004 Saut d'obstacle Eugénie Angot
5%
Athènes 2004 Saut d'obstacle Florian Angot
5%
Athènes 2004 Concours complet Jean Teulère
5%
Rio de Janeiro 2016 Dressage Pierre Volla
5%
Rio de Janeiro 2016 Dressage Stéphanie Brieussel
5%
Athènes 2004 Concours complet Arnaud Boiteau
3%
Athènes 2004 Concours complet Didier Courrèges
3%
Athènes 2004 Saut d'obstacle Éric Navet
3%
Tokyo 2021 Dressage Isabelle Pinto
3%
Beijing 2008 Dressage Julia Chevanne-Gimel
3%
Rio de Janeiro 2016 Dressage Karen Tebar
3%
Rio de Janeiro 2016 Dressage Ludovic Henry
3%
Beijing 2008 Dressage Marc Boblet
3%
Tokyo 2021 Dressage Maxime Collard
3%
Londres 2012 Concours complet Aurélien Kahn
0%
Athènes 2004 Saut d'obstacle Bruno Broucqsault
0%
Londres 2012 Concours complet Denis Mesples
0%
Beijing 2008 Concours complet Didier Dhennin
0%
Sydney 2000 Concours complet Didier Willefert
0%
Londres 2012 Concours complet Lionel Guyon
0%
Londres 2012 Concours complet Donatien Schauly
0%
Beijing 2008 Concours complet Eric Vigeanel
0%
Beijing 2008 Dressage Hubert Perring
0%
Sydney 2000 Concours complet Jean-Lou Bigot
0%
Sydney 2000 Concours complet Jean-Luc Force
0%
Beijing 2008 Concours complet Jean-Renaud Adde
0%
Tokyo 2021 Dressage Morgan Barbançon Mestre
0%
Londres 2012 Saut d'obstacle Olivier Guillon
0%
Sydney 2000 Saut d'obstacle Thierry Pomel
0%
Aucun quiz correspondant
Distribution des résultats
% des personnes avec chaque résultat
Percentile par nombre de réponses
Votre historique - résultats
Vous n’avez pas pris ce quiz